| 000 | 00408nam a22001697a 4500 | ||
|---|---|---|---|
| 003 | NUST - PNEC | ||
| 005 | 20170116180838.0 | ||
| 008 | 150812b xxu||||| |||| 00| 0 eng d | ||
| 020 | _a8121905209 | ||
| 040 | _cLIBRARY | ||
| 082 | _a620.0051 DAS | ||
| 100 |
_95168 _aDass, H.K. |
||
| 245 |
_aEngineering mathematics _cH.K. Dass |
||
| 260 | _cc.2003 | ||
| 650 |
_95169 _aMathematics _xME |
||
| 942 |
_2ddc _cBK |
||
| 999 |
_c64311 _d64311 |
||